000
00270nam a2200121Ia 4500
008
190216s9999||||xx |||||||||||||| ||und||
100
_a
Chandra Rajan
245
0
_a
Winged Words
260
_b
Macmillan
_c
1968
300
_a
126p
650
_a
English Poetry
942
_c
BK
999
_c
12531
_d
12531